000 00904cam a22003013a 4500
001 720
003 PGUSA
005 20140828082952.0
008 961101s1996||||xxu|||||s|||||000 1 eng d
040 _aPGUSA
_beng
042 _adc
050 4 _aPR
100 1 _aConrad, Joseph,
_d1857-1924
245 1 0 _aAlmayer's Folly :
_bA Story of an Eastern River
_h[electronic resource] /
_cJoseph Conrad
260 _bProject Gutenberg,
_c1996
506 _aPublic domain in the USA.
516 _aElectronic text
653 _aTrading companies -- Fiction
653 _aBorneo -- Fiction
653 _aImperialism -- Fiction
653 _aPsychological fiction
653 _aDutch -- Borneo -- Fiction
653 _aDidactic fiction
653 _aLingard, Tom (Fictitious character) -- Fiction
830 0 _aProject Gutenberg
_v720
856 4 0 _uhttp://www.gutenberg.org/ebooks/720
942 _cEB
999 _c230071
_d230071